| 000 | 00596nam a2200193 a 4500 | ||
|---|---|---|---|
| 001 | 5842 | ||
| 003 | CDMR | ||
| 005 | 20131213155402.0 | ||
| 008 | 130220s2009||||||||||||||||||||||||||||d | ||
| 020 | _a9788433925879 | ||
| 040 |
_aCDMR _bcat _cCDMR |
||
| 100 | 1 |
_92868 _aAnderson, Jon Lee |
|
| 245 | 1 | 3 |
_aEl dictador, los demonios y otras crónicas _cJon Lee Anderson ; prólogo de Juan Villoro ; traducción de Antonio-Prometeo Moya |
| 260 |
_aBarcelona _bAnagrama _c2009 |
||
| 300 |
_a390 p. ; _c22 cm |
||
| 490 | 0 |
_aCrónicas Anagrama _v87 |
|
| 650 | 0 | 4 |
_9797 _aReportatges literaris |
| 942 |
_cMON _2udc |
||
| 999 |
_c5842 _d5842 |
||